[Event "Sao Paulo op-C U1700 8th"]
[Site "Sao Paulo"]
[Date "2019.10.18"]
[Round "2"]
[White "Munhoz, Joao Pedro"]
[Black "Oliveira, Debora Goncalves"]
[Result "1-0"]
[WhiteElo "1616"]
[BlackElo "1354"]
[PlyCount "107"]
[EventDate "2019.10.17"]
[EventType "swiss"]
[EventRounds "6"]
[EventCountry "BRA"]
[SourceTitle "CBM 192 Extra"]
[Source "Chessbase"]
[SourceDate "2019.11.06"]
[SourceVersion "1"]
[SourceVersionDate "2019.11.06"]
[SourceQuality "1"]

1. e4 c5 2. Nc3 Nc6 3. g3 g6 4. Bg2 Bg7 5. d3 d6 6. f4 e6 7. Nf3 Nge7 8. 0-0 0-0 9. Be3 b6 10. Qe2 Ba6 11. a4 Rc8 12. Rfe1 d5 13. exd5 exd5 14. Bf2 Re8 15. Qd2 d4 16. Nb5 Bb7 17. Na3 Qd7 18. Nc4 Nd5 19. h3 Rxe1+ 20. Rxe1 Re8 21. Rxe8+ Qxe8 22. Ng5 Ncb4 23. Nd6 Qd7 24. Nxb7 Qxb7 25. c4 dxc3 26. bxc3 Bxc3 27. Qxc3 Nxc3 28. Bxb7 Nxd3 29. Bc6 Nxf2 30. Kxf2 h6 31. Ne4 Nxe4+ 32. Bxe4 Kf8 33. Bd5 Ke7 34. Ke3 f6 35. g4 g5 36. Ke4 Kf8 37. Kf5 Kg7 38. Bc4 gxf4 39. Kxf4 Kg6 40. Bd3+ Kg7 41. Kf5 Kf7 42. Bc4+ Kg7 43. h4 h5 44. g5 fxg5 45. Kxg5 Kh7 46. Kxh5 Kg7 47. Kg5 Kh7 48. Kf6 Kh6 49. Ke6 Kh5 50. Kd6 Kxh4 51. Kc6 Kg5 52. Kb7 Kf6 53. Kxa7 Ke7 54. Kxb6 1-0

[Event "Sao Paulo Karman Cup"]
[Site "Sao Paulo"]
[Date "2019.08.16"]
[Round "2"]
[White "Oliveira, Debora Goncalves"]
[Black "Maraz, Ricardo"]
[Result "1-0"]
[WhiteElo "1338"]
[BlackElo "1556"]
[PlyCount "95"]
[EventDate "2019.08.16"]
[EventType "swiss"]
[EventRounds "6"]
[EventCountry "BRA"]
[SourceTitle "EXT 2020"]
[Source "ChessBase"]
[SourceDate "2019.10.17"]
[SourceVersion "1"]
[SourceVersionDate "2019.10.17"]
[SourceQuality "1"]

1. d4 e6 2. c4 Nf6 3. Nf3 d5 4. cxd5 exd5 5. Bg5 Bb4+ 6. Nc3 0-0 7. Rc1 h6 8. Bh4 Nbd7 9. e3 c6 10. Bd3 Qc7 11. 0-0 Re8 12. Bb1 Bxc3 13. Rxc3 Ne4 14. Qd3 Ndf6 15. Rcc1 a5 16. a4 Ra6 17. Nd2 Nxd2 18. Qxd2 Ng4 19. Bg3 Qe7 20. Qd3 Nf6 21. Bh4 g6 22. Rc3 Rb6 23. b3 Qd6 24. Qe2 Ne4 25. Bxe4 Rxe4 26. Bg3 Qb4 27. Rfc1 Qa3 28. Qd1 Qe7 29. Rc5 Rb4 30. Rxa5 b6 31. Ra8 Qb7 32. Rb8 Qd7 33. Ra1 Kg7 34. a5 bxa5 35. Rxb4 Qe7 36. Rba4 c5 37. dxc5 Re6 38. Qd4+ f6 39. Rxa5 Bd7 40. Qxd5 Bc6 41. Qd4 Bb7 42. Ra7 h5 43. b4 Kh6 44. Qf4+ g5 45. Qc7 Qxc7 46. Bxc7 Be4 47. Bd6 g4 48. Re7 1-0

[Event "BRA-ch Amateur U1600"]
[Site "Sao Paulo"]
[Date "2019.06.23"]
[Round "7"]
[White "Oliveira, Debora Goncalves"]
[Black "Mesquita, Victor Noronha"]
[Result "1/2-1/2"]
[WhiteElo "1352"]
[BlackElo "1103"]
[PlyCount "32"]
[EventDate "2019.06.20"]
[EventType "swiss"]
[EventRounds "7"]
[EventCountry "BRA"]
[SourceTitle "CBM 195 Extra"]
[Source "ChessBase"]
[SourceDate "2020.05.31"]
[SourceVersion "1"]
[SourceVersionDate "2020.05.31"]
[SourceQuality "1"]

1. d4 d5 2. c4 dxc4 3. e4 e6 4. Bxc4 Nf6 5. e5 Nd5 6. Nf3 Bb4+ 7. Bd2 Nc6 8. 0-0 0-0 9. Bd3 h6 10. a3 Bxd2 11. Qxd2 b6 12. Nc3 Bb7 13. Rac1 Na5 14. Qc2 Nf4 15. Be4 Bxe4 16. Nxe4 Nd5 1/2-1/2

[Event "BRA-ch Amateur U1600"]
[Site "Sao Paulo"]
[Date "2019.06.21"]
[Round "3"]
[White "De Paula, Bruno Cesar Lima"]
[Black "Oliveira, Debora Goncalves"]
[Result "1-0"]
[WhiteElo "1513"]
[BlackElo "1352"]
[PlyCount "163"]
[EventDate "2019.06.20"]
[EventType "swiss"]
[EventRounds "7"]
[EventCountry "BRA"]
[SourceTitle "CBM 195 Extra"]
[Source "ChessBase"]
[SourceDate "2020.05.31"]
[SourceVersion "1"]
[SourceVersionDate "2020.05.31"]
[SourceQuality "1"]

1. e4 e6 2. d4 d5 3. Nc3 Nf6 4. Bg5 Be7 5. e5 Nfd7 6. h4 c5 7. Nb5 f6 8. exf6 Nxf6 9. Bxf6 Bxf6 10. Qg4 0-0 11. 0-0-0 a6 12. Nc3 cxd4 13. Nce2 e5 14. Qg3 Nc6 15. Nf3 Bf5 16. Kb1 Rc8 17. Ne1 Nb4 18. Rc1 Qc7 19. Qb3 Qc5 20. a3 Nxc2 21. Ka2 Qc4 22. Qxc4 Rxc4 23. Ng3 Nb4+ 24. axb4 Rxc1 25. Be2 Be6 26. Nd3 Rxh1 27. Nxh1 Bxh4 28. Nxe5 Bxf2 29. Bf3 Bh4 30. Kb3 Rc8 31. Nd3 Bf6 32. Nc5 Kf7 33. Nxe6 d3 34. Nc5 d2 35. Nf2 Be7 36. Nxb7 d4 37. Na5 g6 38. Ne4 h5 39. Nxd2 h4 40. Nac4 Rb8 41. Ne5+ Kg7 42. Nc6 Re8 43. Nxd4 Rd8 44. Ne6+ Kf7 45. Nxd8+ Bxd8 46. Be2 a5 47. b5 Ke6 48. Ka4 Kd5 49. Nc4 Kc5 50. b6 Bxb6 51. Nxb6 Kxb6 52. Bg4 g5 53. Kb3 Kc5 54. Kc3 a4 55. Bd7 a3 56. bxa3 Kb6 57. Kd4 Ka5 58. Ke5 g4 59. Bxg4 Ka4 60. Kf4 Kxa3 61. Kg5 Kb4 62. Kxh4 Kc5 63. Bc8 Kd6 64. Kh5 Ke7 65. Kh6 Kf7 66. g4 Kg8 67. g5 Kh8 68. g6 Kg8 69. Be6+ Kf8 70. g7+ Ke7 71. g8Q Kd6 72. Bg4 Ke5 73. Qe6+ Kd4 74. Qd6+ Kc4 75. Be2+ Kc3 76. Qd3+ Kb4 77. Qc4+ Ka3 78. Qb5 Ka2 79. Qb4 Ka1 80. Bd3 Ka2 81. Be4 Ka1 82. Qb1# 1-0

[Event "Florianopolis op 5th"]
[Site "Florianopolis"]
[Date "2019.01.22"]
[Round "3"]
[White "Campagnolo, Fabiola"]
[Black "Oliveira, Debora Goncalves"]
[Result "1-0"]
[WhiteElo "1797"]
[BlackElo "1332"]
[PlyCount "69"]
[EventDate "2019.01.21"]
[EventType "swiss"]
[EventRounds "10"]
[EventCountry "BRA"]
[SourceTitle "CBM 188 Extra"]
[Source "ChessBase"]
[SourceDate "2019.02.26"]
[SourceVersion "1"]
[SourceVersionDate "2019.02.26"]
[SourceQuality "1"]

1. e4 e6 2. d3 d5 3. Nd2 Nf6 4. g3 c5 5. Bg2 Nc6 6. Ngf3 Be7 7. 0-0 0-0 8. Re1 a6 9. e5 Nd7 10. Nf1 b5 11. h4 h6 12. N1h2 a5 13. Ng4 h5 14. Ngh2 b4 15. Bf4 Ba6 16. Ng5 g6 17. g4 hxg4 18. Qxg4 Nd4 19. h5 Nf5 20. hxg6 Bxg5 21. Bxg5 Qe8 22. gxf7+ Qxf7 23. Bh6+ Ng7 24. Bxg7 Qxg7 25. Qxe6+ Qf7 26. Qxf7+ Rxf7 27. e6 Rg7 28. exd7 Rxd7 29. Re5 Rad8 30. Ng4 Kg7 31. Rae1 Kf7 32. Rh5 Kg7 33. Rg5+ Kh8 34. Re6 Rh7 35. Bxd5 1-0

[Event "Hebraica op 26th"]
[Site "Hebraica"]
[Date "2019.01.13"]
[Round "6"]
[White "Oliveira, Debora Goncalves"]
[Black "Haraguchi, Diego Sashaki"]
[Result "0-1"]
[WhiteElo "1332"]
[BlackElo "1420"]
[PlyCount "89"]
[EventDate "2019.01.11"]
[EventType "swiss"]
[EventRounds "6"]
[EventCountry "BRA"]
[SourceTitle "EXT 2020"]
[Source "ChessBase"]
[SourceDate "2019.10.17"]
[SourceVersion "1"]
[SourceVersionDate "2019.10.17"]
[SourceQuality "1"]

1. d4 Nf6 2. c4 g6 3. g3 d5 4. Bg2 c5 5. dxc5 d4 6. Nf3 Nc6 7. a3 a5 8. 0-0 Bg7 9. e3 d3 10. b3 Ne4 11. Ra2 Nxc5 12. Bb2 e5 13. Nfd2 0-0 14. f4 f5 15. Bxc6 bxc6 16. fxe5 Re8 17. e6 Rxe6 18. Bxg7 Kxg7 19. Qf3 Qe7 20. e4 fxe4 21. Qe3 Nd7 22. Kh1 Bb7 23. Nc3 Rf8 24. Raa1 c5 25. Rxf8 Nxf8 26. Rf1 Nd7 27. Kg2 Qd6 28. Ncxe4 Qe7 29. Rf4 Nf6 30. Qxd3 g5 31. Rxf6 Qxf6 32. Kg1 Qe5 33. Qc3 Bxe4 34. Nxe4 Qxc3 35. Nxc3 Re3 36. Na4 Rxb3 37. Nxc5 Rxa3 38. Na6 Rc3 39. c5 Kf6 40. Kf2 Ke5 41. Ke2 Kd5 42. Kd2 Rxc5 43. Nxc5 Kxc5 44. h4 g4 45. h5 0-1

[Event "Paulista-ch"]
[Site "Sao Paulo"]
[Date "2018.11.10"]
[Round "3"]
[White "Da Rosa, Henrique Jaze Simoe"]
[Black "Oliveira, Debora Goncalves"]
[Result "1-0"]
[WhiteElo "1634"]
[BlackElo "1311"]
[PlyCount "69"]
[EventDate "2018.11.09"]
[EventType "swiss"]
[EventRounds "6"]
[EventCountry "BRA"]
[SourceTitle "CBM 187 Extra"]
[Source "ChessBase"]
[SourceDate "2018.11.04"]
[SourceVersion "1"]
[SourceVersionDate "2018.11.04"]
[SourceQuality "1"]

1. Nf3 d5 2. c4 e6 3. g3 c6 4. b3 Nf6 5. Bg2 Nbd7 6. Bb2 Be7 7. 0-0 0-0 8. Re1 b6 9. d3 Bb7 10. Nbd2 c5 11. cxd5 exd5 12. d4 Rc8 13. Rc1 Re8 14. e3 a6 15. Qe2 b5 16. dxc5 Bxc5 17. Red1 Qe7 18. Nd4 Ba3 19. Nf5 Qb4 20. Bxa3 Qxa3 21. Nb1 Qxc1 22. Rxc1 Rxc1+ 23. Bf1 Rxb1 24. Qc2 Rxf1+ 25. Kxf1 Rc8 26. Ne7+ Kf8 27. Nxc8 Bxc8 28. Qxc8+ Ke7 29. Qxa6 b4 30. Qb7 Ke6 31. Qxb4 Ne8 32. e4 dxe4 33. Qxe4+ Ne5 34. f4 f5 35. Qxe5+ 1-0

[Event "BRA-ch Amateur U1600"]
[Site "Sao Paulo"]
[Date "2018.06.02"]
[Round "6"]
[White "Oliveira, Debora Goncalves"]
[Black "Hassen Sa, Jamile"]
[Result "0-1"]
[WhiteElo "1210"]
[BlackElo "1317"]
[PlyCount "85"]
[EventDate "2018.05.31"]
[EventType "swiss"]
[EventRounds "7"]
[EventCountry "BRA"]
[SourceTitle "EXT 2021"]
[Source "ChessBase"]
[SourceDate "2020.10.23"]
[SourceVersion "1"]
[SourceVersionDate "2020.10.23"]
[SourceQuality "1"]

1. d4 Nf6 2. Bg5 Ne4 3. Bf4 d5 4. Nd2 Nxd2 5. Qxd2 e6 6. c4 c5 7. Nf3 Nc6 8. Qc2 Be7 9. e3 0-0 10. Bd3 f5 11. 0-0 Bf6 12. cxd5 Nb4 13. Qb3 Nxd3 14. Qxd3 Qxd5 15. Rfc1 b6 16. Qc4 Rd8 17. Qxd5 Rxd5 18. Rc2 Ba6 19. dxc5 bxc5 20. Rac1 Rad8 21. h3 Rc8 22. b3 h6 23. Nd2 Bd3 24. e4 fxe4 25. Nxe4 Bxc2 26. Nxf6+ gxf6 27. Rxc2 Kg7 28. Be3 a5 29. a4 Kg6 30. g4 Rd6 31. Bd2 Rd3 32. Bxa5 Rxb3 33. Kg2 Ra3 34. Rc4 Rd3 35. Rc2 c4 36. Bb6 Ra3 37. Re2 e5 38. h4 Rb3 39. Rd2 Rd3 40. Rb2 Rb8 41. a5 Rc8 42. a6 Rb3 43. Rxb3 0-1

[Event "BRA-ch Amateur U1600"]
[Site "Sao Paulo"]
[Date "2018.06.01"]
[Round "3"]
[White "Boutin Neto, Mauro Albano"]
[Black "Oliveira, Debora Goncalves"]
[Result "1-0"]
[WhiteElo "1385"]
[BlackElo "1210"]
[PlyCount "121"]
[EventDate "2018.05.31"]
[EventType "swiss"]
[EventRounds "7"]
[EventCountry "BRA"]
[SourceTitle "EXT 2021"]
[Source "ChessBase"]
[SourceDate "2020.10.23"]
[SourceVersion "1"]
[SourceVersionDate "2020.10.23"]
[SourceQuality "1"]

1. d4 d5 2. Bf4 e6 3. Nf3 c6 4. e3 Nf6 5. Bd3 Nbd7 6. 0-0 Be7 7. c4 dxc4 8. Bxc4 b5 9. Bd3 0-0 10. Qc2 Bb7 11. Nc3 a6 12. Ne4 h6 13. Nc5 Nxc5 14. dxc5 a5 15. Rfd1 Qc8 16. Nd2 Nd5 17. a3 Nxf4 18. exf4 Qc7 19. f5 exf5 20. Bxf5 Qe5 21. Rac1 Bf6 22. Rb1 Bc8 23. Bxc8 Raxc8 24. Nf3 Qh5 25. h3 Be7 26. Rbc1 Rcd8 27. Re1 Rfe8 28. Ne5 Rd5 29. Nxc6 Kf8 30. Nxe7 Rxe7 31. Rxe7 Kxe7 32. c6 Kd8 33. c7+ Kc8 34. Kh2 Qe5+ 35. g3 Rd7 36. Qb3 Rxc7 37. Rxc7+ Qxc7 38. Qxb5 Qc2 39. Qe8+ Kb7 40. Qxf7+ Kb6 41. Qe6+ Kb5 42. Qd7+ Kb6 43. Qd4+ Kc7 44. Qxg7+ Kc8 45. Qc3+ Qxc3 46. bxc3 Kc7 47. f4 Kd6 48. f5 h5 49. g4 hxg4 50. hxg4 Ke5 51. c4 a4 52. Kg3 Kd4 53. f6 Kxc4 54. f7 Kb3 55. f8Q Ka2 56. Qb4 Ka1 57. Kf3 Ka2 58. Ke3 Ka1 59. Kd3 Ka2 60. Kc3 Ka1 61. Qb2# 1-0

[Event "Sao Paulo ECP Etapa Sigismund Gansl"]
[Site "Sao Paulo"]
[Date "2018.05.19"]
[Round "4.9"]
[White "Maraz, Ricardo"]
[Black "Oliveira, Debora Goncalves"]
[Result "1-0"]
[WhiteElo "1649"]
[BlackElo "1210"]
[PlyCount "55"]
[EventDate "2018.05.18"]
[EventType "swiss"]
[EventRounds "6"]
[EventCountry "BRA"]
[SourceTitle "EXT 2022"]
[Source "ChessBase"]
[SourceDate "2021.10.06"]
[SourceVersion "1"]
[SourceVersionDate "2021.10.06"]
[SourceQuality "1"]

1. e4 e6 2. d4 d5 3. exd5 exd5 4. Nf3 Nf6 5. Bd3 c6 6. 0-0 Be7 7. h3 0-0 8. Re1 Nbd7 9. Nc3 b6 10. Bf4 Bb7 11. Bf5 c5 12. Ne5 Nxe5 13. Bxe5 Bc8 14. Qf3 Bxf5 15. Qxf5 Re8 16. Nb5 Rf8 17. Re3 cxd4 18. Bxd4 Rc8 19. Nc3 Rc4 20. Rd3 Re8 21. Bxf6 Bxf6 22. Nxd5 Bxb2 23. Rad1 Rxc2 24. Ne3 Qc7 25. Nxc2 Qxc2 26. Rd8 Qc6 27. R1d7 g6 28. Qxf7+ 1-0

[Event "Sao Paulo op-C U1700 7th"]
[Site "Sao Paulo"]
[Date "2018.03.30"]
[Round "1"]
[White "Oliveira, Debora Goncalves"]
[Black "Costa, Iaggo Bernini"]
[Result "0-1"]
[WhiteElo "1002"]
[BlackElo "1474"]
[PlyCount "72"]
[EventDate "2018.03.30"]
[EventType "swiss"]
[EventRounds "6"]
[EventCountry "BRA"]
[SourceTitle "EXT 2021"]
[Source "ChessBase"]
[SourceDate "2020.10.23"]
[SourceVersion "1"]
[SourceVersionDate "2020.10.23"]
[SourceQuality "1"]

1. d4 Nf6 2. c4 g6 3. Nc3 Bg7 4. e4 d6 5. f3 0-0 6. Be3 Nbd7 7. Bd3 e5 8. Nge2 Ne8 9. Qc2 Qh4+ 10. g3 Qh5 11. g4 Qh4+ 12. Bf2 Qg5 13. h4 Qf6 14. g5 Qxf3 15. Rh2 exd4 16. Nxd4 Bxd4 17. Bxd4 Qg3+ 18. Qf2 Qxd3 19. Nd5 Qxe4+ 20. Kd2 Nb6 21. Nf6+ Nxf6 22. Qxf6 Nxc4+ 23. Kc3 Ne5 24. h5 Qf3+ 25. Kc2 Qxf6 26. gxf6 Bf5+ 27. Kc3 Nf3 28. Re2 Nxd4 29. Kxd4 gxh5 30. Rg1+ Bg6 31. Rge1 Rfc8 32. Rh2 Re8 33. Re7 Rxe7 34. fxe7 Re8 35. Re2 f5 36. Kd3 Kf7 0-1